[Event "Hessen-ch op-B"]
[Site "Frankfurt Sossenheim"]
[Date "2015.??.??"]
[Round "1"]
[White "Fuchs, Andreas"]
[Black "Bennewitz, Ralph"]
[Result "1-0"]
[WhiteElo "1663"]
[BlackElo "1924"]
[PlyCount "85"]
[EventDate "2015.05.13"]
[EventType "swiss"]
[EventRounds "7"]
[EventCountry "GER"]
[SourceTitle "EXT 2016"]
[Source "ChessBase"]
[SourceDate "2015.10.08"]
[SourceVersion "1"]
[SourceVersionDate "2015.10.08"]
[SourceQuality "1"]

1. e4 c6 2. d4 d5 3. Nd2 dxe4 4. Nxe4 Bf5 5. Ng3 Bg6 6. N1e2 e5 7. c3 Nf6 8. f4 exf4 9. Nxf4 Bd6 10. Nxg6 hxg6 11. Qf3 Qc7 12. Ne4 Qe7 13. Bd3 Nxe4 14. Qxe4 Qxe4+ 15. Bxe4 Rxh2 16. Rxh2 Bxh2 17. Bg5 Nd7 18. 0-0-0 Nb6 19. Re1 Kd7 20. Bf3 f6 21. Bh4 Bf4+ 22. Kc2 Re8 23. Rxe8 Kxe8 24. Kd3 Ke7 25. b3 g5 26. Bf2 f5 27. c4 g4 28. Bd1 Nd7 29. Bc2 Ke6 30. Ke2 g6 31. b4 b6 32. Bb3 Kf6 33. d5 cxd5 34. cxd5 Ke5 35. a4 Nf6 36. a5 bxa5 37. bxa5 Nxd5 38. Bxa7 Nc3+ 39. Kd3 Nb5 40. Bb8+ Kf6 41. Bxf4 g5 42. Bc1 f4 43. Ba4 1-0

[Event "Schneeberg op"]
[Site "Schneeberg"]
[Date "2009.03.12"]
[Round "5"]
[White "Bennewitz, Ralph"]
[Black "Nabavi, Parwis"]
[Result "1/2-1/2"]
[WhiteElo "1748"]
[BlackElo "2113"]
[PlyCount "173"]
[EventDate "2009.03.09"]
[EventType "swiss"]
[EventRounds "7"]
[EventCountry "GER"]
[SourceTitle "EXT 2010"]
[Source "ChessBase"]
[SourceDate "2010.11.25"]
[SourceVersion "1"]
[SourceVersionDate "2010.11.25"]
[SourceQuality "1"]

1. b3 d5 2. Bb2 e6 3. e3 Nf6 4. Nf3 Bd6 5. Be2 0-0 6. 0-0 b6 7. d3 Nbd7 8. Nbd2 Bb7 9. c4 c5 10. Qc2 Rc8 11. Rac1 Qc7 12. Rfd1 Rfd8 13. h3 a6 14. a3 b5 15. a4 Qb6 16. Qb1 bxa4 17. bxa4 Bc6 18. Qa2 Qa5 19. Ra1 Rb8 20. Rdb1 Rb7 21. Nb3 Qc7 22. Bc3 Rdb8 23. Ba5 Qc8 24. Bd1 dxc4 25. dxc4 Ne5 26. Nxe5 Bxe5 27. Nxc5 Rb2 28. Rxb2 Rxb2 29. Qa3 Rb8 30. Bc3 Bd6 31. Bb4 Rxb4 32. Qxb4 Nd7 33. Rb1 Nxc5 34. Qd2 Bc7 35. Qb4 Ne4 36. Bf3 Qf8 37. c5 f5 38. Qc4 Qc8 39. Rd1 Ba5 40. Bxe4 fxe4 41. Rd6 Kf7 42. Qd4 Qe8 43. Qe5 Qc8 44. Qh5+ Kg8 45. Qg5 h6 46. Qe7 Bxa4 47. Qxe6+ Qxe6 48. Rxe6 Bb5 49. Rxe4 Kf7 50. Rd4 Bc3 51. Rd6 Bb4 52. Rd5 a5 53. Rd6 Be8 54. Ra6 h5 55. c6 Ke6 56. c7+ Kd7 57. Re6 Bf7 58. Rc6 Kc8 59. Ra6 Bc3 60. Ra8+ Kxc7 61. Ra7+ Kb6 62. Rxf7 a4 63. Rf8 a3 64. Ra8 Ba5 65. Rb8+ Kc5 66. Rb3 Bb4 67. Rb1 Bc3 68. Kf1 a2 69. Rd1 a1Q 70. Rxa1 Bxa1 71. Ke2 Kd5 72. g4 h4 73. g5 Bc3 74. Kd3 Be1 75. f4 Bg3 76. e4+ Kc5 77. Ke3 Kc4 78. Kf3 Kd4 79. e5 Kd5 80. Ke3 Be1 81. Kf3 Bd2 82. Kg4 Ke4 83. e6 Bb4 84. f5 Ke5 85. f6 gxf6 86. gxf6 Kxf6 87. Kxh4 1/2-1/2

[Event "Schneeberg op"]
[Site "Schneeberg"]
[Date "2009.03.11"]
[Round "4"]
[White "Bulano, Alexander"]
[Black "Bennewitz, Ralph"]
[Result "0-1"]
[WhiteElo "1816"]
[BlackElo "1748"]
[PlyCount "72"]
[EventDate "2009.03.09"]
[EventType "swiss"]
[EventRounds "7"]
[EventCountry "GER"]
[SourceTitle "EXT 2010"]
[Source "ChessBase"]
[SourceDate "2010.11.25"]
[SourceVersion "1"]
[SourceVersionDate "2010.11.25"]
[SourceQuality "1"]

1. d4 Nf6 2. c4 e6 3. Nf3 d5 4. e3 Be7 5. Nc3 Nbd7 6. Qc2 0-0 7. Be2 dxc4 8. Bxc4 b6 9. 0-0 Bb7 10. Be2 a6 11. Rd1 Rc8 12. a3 c5 13. dxc5 Bxc5 14. b4 Be7 15. Bb2 Qc7 16. Qb3 Nd5 17. Rac1 Qb8 18. Nxd5 Bxd5 19. Qa4 Rfd8 20. Bxa6 Rxc1 21. Rxc1 Bxf3 22. gxf3 Ne5 23. Bxe5 Qxe5 24. f4 Qf5 25. Bf1 e5 26. fxe5 Qxe5 27. Qb3 Rd6 28. Bc4 Qf5 29. Kf1 Qf3 30. Ke1 Bh4 31. Qa2 Qxe3+ 32. Kf1 Qxc1+ 33. Kg2 Qg5+ 34. Kh3 Qf5+ 35. Kxh4 Rh6+ 36. Kg3 Rg6+ 0-1